000
00212nam a22000857a 4500
008
260305b ||||| |||| 00| 0 eng d
100
_a
Smith, Robert C
245
_a
Ontario Post Offices
650
_a
Ontario Post Offices
999
_c
3700
_d
3700